Introducción a la ética social / (Registro nro. 2302)

Detalles MARC
000 -LEADER
fixed length control field 01129nam a2200325 a 4500
005 - FECHA ULTIMA MODIFICACION
control field 20240412123859.0
008 - CAMPO DE CONTROL (LIBRO)
fixed length control field 100309e1990||||sp f S SP SPASP spa d
020 ## - INTERNATIONAL STANDARD BOOK NUMBER
ISBN 8432123714
041 ## - CODIGO DE IDIOMA
Código de idioma del texto/pista de sonido o título separado spa
092 ## - SIGNATURA TOPOGRAFICA DEWEY LOCAL
número de clasificación 170
libristica 33
sección GOM
100 1# - ENTRADA PRINCIPAL--NOMBRE PERSONAL
Nombre personal Gómez Pérez, Rafael
9 (RLIN) 3130
245 ## - TITULO PROPIAMENTE DICHO
Título Introducción a la ética social /
Mención de responsabilidad y remanente de la transcripción de la portada Rafael Gómez Pérez
250 ## - MENCION DE EDICION
Mención de edición 4a ed.
260 ## - PIE DE IMPRENTA
Lugar de publicación, distribución, etc Madrid:
Nombre de la editorial, distribuidor, etc Rialp;
Fecha de publicación 1990.
300 ## - DESCRIPCION FISICA
Extension 228 p.
500 ## - NOTA GENERAL
Nota general Gómez Pérez, R. (1990). Introducción a la ética social. (4a ed.). Madrid : Rialp.
590 ## - NOTAS LOCALES (RLIN)
Nota local Donación Dora Vera, Febrero 2017
653 #3 - TÉRMINO INDIZADO - PALABRAS CLAVES
Palabra clave La verdad es posible
653 #3 - TÉRMINO INDIZADO - PALABRAS CLAVES
Palabra clave La verdad sobre el hombre
653 ## - TÉRMINO INDIZADO - PALABRAS CLAVES
Palabra clave Persona, ley moral, derechos humanos
653 ## - TÉRMINO INDIZADO - PALABRAS CLAVES
Palabra clave Cuestiones éticas en torno a la vida
653 ## - TÉRMINO INDIZADO - PALABRAS CLAVES
Palabra clave Cuestiones éticas en torno a la economía
653 ## - TÉRMINO INDIZADO - PALABRAS CLAVES
Palabra clave Cuestiones éticas en torno a la sociedad civil y el Estado
653 ## - TÉRMINO INDIZADO - PALABRAS CLAVES
Palabra clave Cuestiones éticas en las relaciones internacionales
653 ## - TÉRMINO INDIZADO - PALABRAS CLAVES
Palabra clave Liberalismo y capitalismo
653 ## - TÉRMINO INDIZADO - PALABRAS CLAVES
Palabra clave Comunismo
653 ## - TÉRMINO INDIZADO - PALABRAS CLAVES
Palabra clave Socialismo
653 ## - TÉRMINO INDIZADO - PALABRAS CLAVES
Palabra clave Ideologías y medio de comunicación
942 ## - ADDED ENTRY ELEMENTS (KOHA)
Source of classification or shelving scheme Dewey Decimal Classification
Item type Libros
Existencias
Estado de retiro Existencia Fuente de clasificación Estado general No para prestamo Ubicación permanente ubicación actual Sala de ubicación Fecha de adquisición Fuente de adquisición Total Checkouts Número de clasificación Código de barras Date last seen Número de ejemplar Price effective from Koha tipo de elemento (item) Public note
    Dewey Decimal Classification     Biblioteca Medicina Biblioteca Medicina Circulación 21/02/2017 Donación Dora Vera, Febrero 2017   170 30 GOM 3757 21/02/2017 Ej.1 21/02/2017 Libros Donación Dora Vera, Febrero 2017

UNIVERSIDAD NACIONAL DEL COMAHUE
Biblioteca de la Facultad de Ciencias Médicas
Sede Toschi: Los Arrayanes y Av. Toschi, Cipolletti  - Rio Negro
Sede Los Tordos:  Yrigoyen al 2211, Cipolletti - Rio Negro 

Teléfono: 0299 - 4774707 int 25
Contacto: biblioteca@facimed.uncoma.edu.ar
© 2011 - 2026